MARC details
| 000 -CABECERA |
| campo de control de longitud fija |
01558nam a2200253 a 4500 |
| 003 - IDENTIFICADOR DEL NÚMERO DE CONTROL |
| campo de control |
DO-SdBNP |
| 005 - FECHA Y HORA DE LA ÚLTIMA TRANSACCIÓN |
| campo de control |
20250307132358.0 |
| 007 - CAMPO FIJO DE DESCRIPCIÓN FÍSICA--INFORMACIÓN GENERAL |
| campo de control de longitud fija |
ta |
| 008 - DATOS DE LONGITUD FIJA--INFORMACIÓN GENERAL |
| campo de control de longitud fija |
221024e2005 dr h|||fr|||| 00| 0 spa d |
| 040 ## - FUENTE DE LA CATALOGACIÓN |
| Centro catalogador/agencia de origen |
DO-SdBNP |
| Lengua de catalogación |
spa |
| Centro/agencia transcriptor |
BNPHU |
| 082 #4 - NÚMERO DE LA CLASIFICACIÓN DECIMAL DEWEY |
| Número de edición |
22 |
| Número de documento/Ítem |
A189a |
| 245 00 - MENCIÓN DE TÍTULO |
| Título |
Acuerdo de auto regulación de la radio y la televisión para preservar los altos valores en que se sustenta la sociedad dominicana: |
| Resto del título |
compromiso por el país. |
| 260 ## - PUBLICACIÓN, DISTRIBUCIÓN, ETC. |
| Lugar de publicación, distribución, etc. |
Santo Domingo : |
| Nombre del editor, distribuidor, etc. |
Promoción para la Ética en los Medio de Comunicación, |
| Fecha de publicación, distribución, etc. |
2005 |
| 300 ## - DESCRIPCIÓN FÍSICA |
| Extensión |
[42] p. : |
| Otras características físicas |
fács. |
| Dimensiones |
21 cm. |
| 500 ## - NOTA GENERAL |
| Nota general |
Firmado por los radiodifusores, Canales de Televisión, Episcopado Dominicano y la confederación de iglesias Evangélicas, jueves 2 de junio 2005. |
| 505 ## - NOTA DE CONTENIDO CON FORMATO |
| Título |
Mensaje de Adora.-- |
| -- |
Ética en la Comunicación Actual. / |
| Mención de responsabilidad |
Dr. José Rafael Vargas.-- |
| Título |
La Responsabilidad de los Comunicadores Sociales. / |
| Mención de responsabilidad |
Nicolás de Jesús Cardenal López Rodríguez.-- |
| Título |
Compromiso por el País de los Radiodifusores Dominicanos. / |
| -- |
Compromiso Empresas de Televisión, Telecable y Cable del país.-- |
| -- |
Principios de Ética Asociación Interamericana de radio.-- |
| -- |
Reflexiones de la Confederación Dominicana Unidad Evangélica. / |
| Mención de responsabilidad |
Revdo. Reynaldo Franco Aquino.-- |
| Título |
Una Carta que honra. |
| 590 ## - NOTA LOCAL (RLIN) |
| Nota local |
Inventariado 2022 / MF |
| 650 #4 - PUNTO DE ACCESO ADICIONAL DE MATERIA--TÉRMINO DE MATERIA |
| 9 (RLIN) |
21014 |
| Término de materia o nombre geográfico como elemento de entrada |
Política de Radiodifusión |
| Subdivisión geográfica |
República Dominicana |
| 650 #4 - PUNTO DE ACCESO ADICIONAL DE MATERIA--TÉRMINO DE MATERIA |
| 9 (RLIN) |
26388 |
| Término de materia o nombre geográfico como elemento de entrada |
Radio Difusión |
| Subdivisión geográfica |
República Dominicana |
| 710 2# - PUNTO DE ACCESO ADICIONAL--NOMBRE DE ENTIDAD CORPORATIVA |
| Nombre de entidad corporativa o nombre de jurisdicción como elemento de entrada |
INDOTEL |
| 9 (RLIN) |
17928 |
| 710 2# - PUNTO DE ACCESO ADICIONAL--NOMBRE DE ENTIDAD CORPORATIVA |
| Nombre de entidad corporativa o nombre de jurisdicción como elemento de entrada |
Asociación Dominicana de Radiodifusoras (ADORA) |
| 9 (RLIN) |
82567 |
| 910 ## - DATOS DE OPCIÓN DEL USUARIO (OCLC) |
| Datos de opción del usuario |
MFeliz |
| 942 ## - ELEMENTOS DE PUNTO DE ACCESO ADICIONAL (KOHA) |
| Fuente del sistema de clasificación o colocación |
Dewey Decimal Classification |
| Tipo de ítem Koha |
Folleto |